000 01053nac a22003377a 4500
001 BR2011002634
003 BR-BrBNA
005 20240105123912.0
008 230509b bl.|||m| |||| 00| 0 por d
040 _aBR-BrBNA
_bpor
_cBiblioteca Nacional de Agricultura
072 _aF60; F61
090 _a1122 BR2011002634
100 1 _aRinaldi, M.M.
100 1 _aLima, T.A. de
100 1 _aAscheri, D.P.R.
110 1 _aEMBRAPA Cerrados, Planaltina, DF (Brasil)
245 1 _aCaracterização física de frutos de mamão e química de cascas e sementes
260 3 _aPlanaltina, DF (Brasil):
_c2010.
300 _a17 p.
490 _aBoletim de Pesquisa e desenvolvimento - EMBRAPA Cerrados (Brazil)
_vno. 263
_xISSN 1676-918X
500 _aSummaries (En, Pt); 19 ref.
650 _aMAMÃO
650 _aCASCA
650 _aFRUTO
650 _aSEMENTE
650 _aPROPRIEDADE FÍSICO-QUÍMICA
650 _aSUBPRODUTO
650 _aNUTRIÇÃO VEGETAL
909 _a202312
_bLúcia Elande
_c55
_dLúcia Elande
942 _2AGRIS
_n0
_cMS
999 _c297476
_d297476